000 00370nam a2200145Ia 4500
008 230917s9999||||xx |||||||||||||| ||und||
040 _e94931
_aMAIN
041 _aEnglish
082 _a370 V559P
100 _aVenkateswaran, S
245 0 _aPrinciples of teaching English
260 _aNew Delhi
_bVikas Publishing House
_c2000
300 _axi, 265 p.
942 _cBK
999 _c112699
_d112699